[Event "40th Olympiad Women"]
[Site "Istanbul TUR"]
[Date "2012.08.29"]
[Round "2.28"]
[Board "1"]
[White "Lujan, Carolina"]
[Black "Vojinovic, Jovana"]
[Result "1/2-1/2"]
[WhiteTitle "IM"]
[BlackTitle "WGM"]
[WhiteElo "2368"]
[BlackElo "2337"]
[WhiteTeam "Argentina"]
[BlackTeam "Montenegro"]
[WhiteFideId "109878"]
[BlackFideId "937266"]
[EventDate "2012.08.28"]

1. e4 e6 2. d4 d5 3. Nc3 Nf6 4. e5 Nfd7 5. f4 c5 6. Nf3 Nc6 7. Be3 Be7 8. Qd2
O-O 9. O-O-O c4 10. f5 b5 11. f6 gxf6 12. exf6 Bxf6 13. Nxb5 Rb8 14. Nc3 Qa5 15.
Bg5 Qb4 16. Qe3 Qxb2+ 17. Kd2 Bg7 18. Bh6 Nb4 19. Rc1 Bxh6 20. Qxh6 f6 21. h4
Rf7 22. Qe3 Nb6 23. Ne1 Nc6 24. Qg3+ Rg7 25. Qd6 Na4 26. Nxa4 Qxd4+ 27. Ke2 Qe4+
28. Kd1 Qd4+ 29. Ke2 Qe4+ 30. Kd1 Qd4+ 1/2-1/2

[Event "40th Olympiad Women"]
[Site "Istanbul TUR"]
[Date "2012.08.29"]
[Round "2.28"]
[Board "2"]
[White "Milovic, Aleksandra"]
[Black "Amura, Claudia"]
[Result "1/2-1/2"]
[WhiteTitle "WFM"]
[BlackTitle "WGM"]
[WhiteElo "2181"]
[BlackElo "2351"]
[WhiteTeam "Montenegro"]
[BlackTeam "Argentina"]
[WhiteFideId "933988"]
[BlackFideId "100536"]
[EventDate "2012.08.28"]

1. e4 c5 2. Nf3 Nc6 3. d4 cxd4 4. Nxd4 Nf6 5. Nc3 e5 6. Ndb5 d6 7. Bg5 a6 8. Na3
b5 9. Nd5 Be7 10. Bxf6 Bxf6 11. c3 Bg5 12. Nc2 O-O 13. g3 Ne7 14. Bg2 Nxd5 15.
Qxd5 Be6 16. Qd1 a5 17. O-O Qb6 18. Bf3 b4 19. cxb4 axb4 20. b3 Rfc8 21. Ne1 g6
22. h4 Bh6 23. h5 Rc3 24. hxg6 hxg6 25. Kg2 Qa6 26. Be2 Bxb3 27. Bxa6 Bxd1 28.
Bb7 Ra7 29. Rxd1 Rxb7 30. Rxd6 Ra3 31. Nd3 Rxa2 32. Rb1 Be3 33. Rxb4 Rxf2+ 34.
Kh3 Rxb4 35. Nxb4 Kg7 36. Rd5 f6 37. Rd7+ Kh6 38. Nd5 Bd4 39. Rf7 f5 40. exf5
gxf5 41. Rf8 Kg7 42. Rc8 Rb2 43. Kh4 Rb3 1/2-1/2

[Event "40th Olympiad Women"]
[Site "Istanbul TUR"]
[Date "2012.08.29"]
[Round "2.28"]
[Board "3"]
[White "Plazaola, Maria De Los Angeles"]
[Black "Blagojevic, Tijana"]
[Result "1-0"]
[WhiteTitle "WIM"]
[WhiteElo "2164"]
[BlackElo "2004"]
[WhiteTeam "Argentina"]
[BlackTeam "Montenegro"]
[WhiteFideId "113395"]
[BlackFideId "16500270"]
[EventDate "2012.08.28"]

1. e4 e5 2. Nf3 Nc6 3. d4 exd4 4. Nxd4 Nf6 5. Nc3 Bb4 6. Nxc6 bxc6 7. Bd3 O-O 8.
O-O d5 9. exd5 cxd5 10. Bg5 c6 11. Qf3 Bd6 12. Rae1 h6 13. Bf4 Be6 14. h3 Rb8
15. b3 c5 16. Rd1 Bxf4 17. Qxf4 Qa5 18. Ne2 Rb4 19. Qd2 Qc7 20. Ng3 a5 21. c3
Rbb8 22. Bb1 Rfc8 23. Rfe1 a4 24. bxa4 Ra8 25. Bc2 Rd8 26. Bb3 Bd7 27. Re7 Qd6
28. Re3 Qc7 29. Rf3 c4 30. Bc2 Qc6 31. Qf4 Be6 32. Qh4 Nd7 33. Nh5 Rab8 34. Rg3
g5 35. Nf6+ Kg7 36. Nh5+ Kf8 37. Qd4 Ke7 38. Re3 Kd6 39. Rde1 Rb2 40. Bb1 Rdb8
41. Bh7 Rxa2 42. Ng7 Rbb2 43. Rxe6+ fxe6 44. Rxe6+ Kc7 45. Rxc6+ Kxc6 46. Bg8
Rd2 47. Bxd5+ Kd6 48. Nf5+ 1-0

[Event "40th Olympiad Women"]
[Site "Istanbul TUR"]
[Date "2012.08.29"]
[Round "2.28"]
[Board "4"]
[White "Stojanovic, Marija R"]
[Black "Martinez, Ayelen"]
[Result "0-1"]
[WhiteTitle "WFM"]
[WhiteElo "2097"]
[BlackElo "2095"]
[WhiteTeam "Montenegro"]
[BlackTeam "Argentina"]
[WhiteFideId "931411"]
[BlackFideId "118702"]
[EventDate "2012.08.28"]

1. e4 c5 2. Nf3 d6 3. d4 cxd4 4. Nxd4 Nf6 5. Nc3 a6 6. a4 e5 7. Nf3 Qc7 8. Be2
Be7 9. O-O O-O 10. Re1 b6 11. Nd5 Nxd5 12. exd5 Bf5 13. c4 a5 14. Bd2 Na6 15.
Ra3 Bg6 16. Bc3 f5 17. Bf1 Bf6 18. Nd2 Rae8 19. Qc1 Bg5 20. Qd1 Bxd2 21. Qxd2
Nc5 22. b4 Ne4 23. Qb2 Rb8 24. Rea1 f4 25. Be1 Ng5 26. Rb3 f3 27. Qc1 h6 28.
Raa3 Be4 29. bxa5 bxa5 30. Qc3 Rxb3 31. Rxb3 Qd7 32. g3 Bf5 33. Qc1 Bh3 34. Bxa5
Bxf1 35. Qxf1 Qxa4 36. Rb5 Ra8 37. Bc7 Qxc4 38. Rb8+ Rxb8 39. Bxb8 Qxd5 40. h4
Ne4 0-1

[Event "40th Olympiad Women"]
[Site "Istanbul TUR"]
[Date "2012.08.29"]
[Round "2.29"]
[Board "2"]
[White "Guindy, Esmat"]
[Black "Kopinits, Anna-Christina"]
[Result "0-1"]
[WhiteTitle "WFM"]
[BlackTitle "WIM"]
[WhiteElo "2132"]
[BlackElo "2234"]
[WhiteTeam "Denmark"]
[BlackTeam "Austria"]
[WhiteFideId "1401637"]
[BlackFideId "1614142"]
[EventDate "2012.08.28"]

1. d4 d5 2. c4 c6 3. e3 Nf6 4. Nc3 e6 5. Qc2 Nbd7 6. Nf3 Bb4 7. Bd3 Qe7 8. O-O
O-O 9. a3 dxc4 10. Bxc4 Bd6 11. e4 e5 12. h3 Bc7 13. Be3 exd4 14. Nxd4 Nc5 15.
f3 Re8 16. b4 Na6 17. Rae1 Bg3 18. Bf2 Bxf2+ 19. Qxf2 c5 20. Nf5 Bxf5 21. exf5
Qc7 22. b5 Nb4 23. b6 Qxb6 24. Rxe8+ Nxe8 25. axb4 Qxb4 26. Qa2 Qxc3 27. Bxf7+
Kh8 28. Rd1 Qf6 29. Qd5 Qe7 30. Qd7 Qxd7 31. Rxd7 b5 32. Bd5 Nf6 33. Bxa8 Nxd7
34. Bc6 c4 35. Bxb5 c3 36. Ba4 Nc5 37. Bc2 Na6 38. Kf2 Nb4 39. Ba4 c2 40. Bxc2
Nxc2 41. g4 Kg8 42. f4 Kf7 43. Ke2 Nd4+ 44. Ke3 Nxf5+ 0-1

[Event "40th Olympiad Women"]
[Site "Istanbul TUR"]
[Date "2012.08.29"]
[Round "2.29"]
[Board "3"]
[White "Schnegg, Anna-Lena"]
[Black "Jorgensen, Carina Eilegaard"]
[Result "1-0"]
[WhiteElo "2088"]
[BlackElo "2012"]
[WhiteTeam "Austria"]
[BlackTeam "Denmark"]
[WhiteFideId "1625268"]
[BlackFideId "1419897"]
[EventDate "2012.08.28"]

1. e4 d6 2. d4 Nf6 3. Nc3 g6 4. f4 Bg7 5. a3 O-O 6. Nf3 c5 7. dxc5 dxc5 8. Qxd8
Rxd8 9. e5 Nd5 10. Nxd5 Rxd5 11. Bc4 Rd8 12. Be3 b6 13. Ng5 e6 14. Kf2 Ba6 15.
Bxa6 Nxa6 16. Rhd1 Nc7 17. c4 Bf8 18. Ne4 Ne8 19. Ke2 Be7 20. Rxd8 Rxd8 21. b4
f5 22. exf6 Nxf6 23. Nxf6+ Bxf6 24. Rd1 Rxd1 25. Kxd1 cxb4 26. axb4 Kf7 27. Ke2
Ke8 28. b5 e5 29. Kf3 Kd7 30. Ke4 Kd6 31. f5 g5 32. g4 h6 33. Kd3 Be7 34. Bc1
Bf6 35. Ba3+ Kc7 36. Ke4 Bg7 37. Be7 Kd7 38. f6 Bh8 39. Kxe5 1-0

[Event "40th Olympiad Women"]
[Site "Istanbul TUR"]
[Date "2012.08.29"]
[Round "2.29"]
[Board "4"]
[White "Frank-Nielsen, Marie"]
[Black "Newrkla, Katharina"]
[Result "1/2-1/2"]
[WhiteTitle "WFM"]
[BlackTitle "WFM"]
[WhiteElo "1983"]
[BlackElo "2165"]
[WhiteTeam "Denmark"]
[BlackTeam "Austria"]
[WhiteFideId "1409344"]
[BlackFideId "1621629"]
[EventDate "2012.08.28"]

1. e4 c5 2. c3 d5 3. exd5 Qxd5 4. d4 Nc6 5. Nf3 Bf5 6. Be2 cxd4 7. cxd4 e6 8.
O-O Nf6 9. Nc3 Qd7 10. Bb5 a6 11. Ne5 Qc8 12. Ba4 Bd6 13. Nxc6 bxc6 14. d5 O-O
15. dxe6 Qxe6 16. Re1 Qd7 17. Qf3 Rac8 18. h3 Bg6 19. Bf4 Bh5 20. Qg3 Bxf4 21.
Qxf4 Rfd8 22. g4 Bg6 23. Rad1 Qb7 24. Bb3 h6 25. Rd6 Rxd6 26. Qxd6 a5 27. Qc5
Qb4 28. Qxb4 axb4 29. Nd1 Ne4 30. Ne3 Ng5 31. Kg2 Be4+ 32. Kg3 Rd8 33. Nc4 Rd3+
34. Re3 Rxe3+ 35. Nxe3 Kf8 36. h4 Ne6 37. f3 Bb1 38. Nf5 Bxf5 39. gxf5 Nd4 40.
f6 gxf6 41. Ba4 Ke7 42. Kg4 c5 43. Kf4 Ke6 44. Be8 c4 45. Ke4 Ne2 46. Bb5 c3 47.
Bc4+ Ke7 48. bxc3 Nxc3+ 49. Kd4 Kd6 50. a3 bxa3 51. Kxc3 Ke5 52. Bxf7 Kf4 53.
Bd5 Kg3 54. h5 Kh4 55. Bf7 Kg3 56. Bd5 Kh4 57. Bf7 Kg3 58. Bd5 1/2-1/2

[Event "40th Olympiad Women"]
[Site "Istanbul TUR"]
[Date "2012.08.29"]
[Round "2.30"]
[Board "2"]
[White "Yurenok, Maria S"]
[Black "Yanjindulam, Dulamsuren"]
[Result "0-1"]
[WhiteTitle "WFM"]
[BlackTitle "WIM"]
[WhiteElo "2058"]
[BlackElo "2232"]
[WhiteTeam "England"]
[BlackTeam "Mongolia"]
[WhiteFideId "409359"]
[BlackFideId "4900952"]
[EventDate "2012.08.28"]

1. d4 Nf6 2. c4 c5 3. d5 b5 4. Nf3 e6 5. Bg5 h6 6. Bxf6 Qxf6 7. Nc3 a6 8. e4 b4
9. e5 Qd8 10. Nb1 d6 11. Be2 Qc7 12. exd6 Bxd6 13. dxe6 Bxe6 14. Nbd2 O-O 15.
O-O Nc6 16. Ne4 Be7 17. Qc1 Rad8 18. Rd1 Rxd1+ 19. Qxd1 f5 20. Ng3 Bf6 21. Qc2
Nd4 22. Nxd4 Bxd4 23. Bd3 f4 24. Ne2 Bf6 25. Rf1 Qe5 26. b3 f3 27. Ng3 fxg2 28.
Kxg2 Bg5 29. Qe2 Qxe2 30. Bxe2 Bd7 31. Ne4 Bc6 32. f3 Be3 33. Bd1 Bd4 34. Bc2 g5
35. h3 Rf4 36. Re1 Bd7 37. Rh1 Kf8 38. Nd2 Be3 39. Ne4 Bf5 40. Bb1 Rh4 41. Nf6
Bxb1 42. Rxb1 Rd4 43. Ne4 Rd3 44. Re1 Kg7 45. Re2 Bd4 46. Nf2 Rc3 47. Rd2 Rc1
48. Re2 h5 49. Rd2 Kg6 50. Re2 Kf5 51. Rd2 a5 52. Nd3 Rg1+ 53. Kh2 Rb1 54. Kg2
h4 55. Kh2 Ra1 56. Kg2 Rg1+ 57. Kh2 Rg3 58. Nf2 Rxf3 59. Ng4 Rg3 60. Nf2 Be5 61.
Kh1 Bd4 62. Nd3 Rxh3+ 63. Kg2 Rg3+ 64. Kh2 g4 65. Ne1 Rc3 66. Kg2 h3+ 0-1

[Event "40th Olympiad Women"]
[Site "Istanbul TUR"]
[Date "2012.08.29"]
[Round "2.30"]
[Board "3"]
[White "Ankhchimeg, Bayanmunh"]
[Black "Chevannes, Sabrina L"]
[Result "1-0"]
[WhiteTitle "WIM"]
[BlackTitle "WFM"]
[WhiteElo "2167"]
[BlackElo "2090"]
[WhiteTeam "Mongolia"]
[BlackTeam "England"]
[WhiteFideId "4900600"]
[BlackFideId "411280"]
[EventDate "2012.08.28"]

1. e4 c6 2. d4 d5 3. Nc3 dxe4 4. Nxe4 Nd7 5. Bc4 Ngf6 6. Ng5 e6 7. Qe2 Nb6 8.
Bd3 h6 9. N5f3 c5 10. c3 cxd4 11. Nxd4 Be7 12. Ngf3 O-O 13. O-O Nbd7 14. Bf4 Nc5
15. Bc2 Nd5 16. Bd2 a5 17. Rad1 Qb6 18. c4 Nb4 19. Bb1 Nc6 20. Nxc6 bxc6 21. Bc3
f5 22. Ne5 Na4 23. Nd7 Bxd7 24. Rxd7 Rf7 25. Qxe6 Nc5 26. Bd4 Nxe6 27. Bxb6 Rb8
28. Bxa5 Rxb2 29. Bc3 Re2 30. Re1 Nf4 31. g3 Nh3+ 32. Kg2 Rxf2+ 33. Kxh3 g5 34.
Bxf5 R7xf5 35. Rexe7 g4+ 36. Kh4 h5 37. Rd8+ Rf8 38. Rg7+ 1-0

[Event "40th Olympiad Women"]
[Site "Istanbul TUR"]
[Date "2012.08.29"]
[Round "2.30"]
[Board "4"]
[White "Bhatia, Kanwal K"]
[Black "Otgonjargal, Sengeravdan"]
[Result "0-1"]
[WhiteTitle "WFM"]
[BlackTitle "WFM"]
[WhiteElo "2103"]
[BlackElo "2146"]
[WhiteTeam "England"]
[BlackTeam "Mongolia"]
[WhiteFideId "407496"]
[BlackFideId "4900790"]
[EventDate "2012.08.28"]

1. e4 e5 2. Nf3 Nc6 3. Bc4 Be7 4. d4 exd4 5. Nxd4 Ne5 6. Bb3 d6 7. h3 Nf6 8. Nc3
O-O 9. Be3 a6 10. a4 Re8 11. g4 c5 12. Nf5 c4 13. Ba2 b5 14. Bd4 Bf8 15. O-O b4
16. f4 bxc3 17. fxe5 dxe5 18. Bxc3 Qb6+ 19. Kh2 Nxe4 20. Bxc4 Be6 21. Bxe6 Qxe6
22. Qf3 Nxc3 23. Qxc3 Rac8 24. Qd2 g6 25. Ne3 Bh6 26. Rae1 Bf4+ 27. Kg1 Qb6 28.
c3 Rcd8 29. Qf2 Rd3 30. Nf5 Qxf2+ 31. Rxf2 Kf8 32. Rxf4 exf4 33. Rxe8+ Kxe8 34.
Nd4 Rd2 35. b4 Rd3 36. b5 axb5 37. Nxb5 Kd7 38. Kg2 g5 39. a5 Rd2+ 40. Kf3 Ra2
41. Nd4 Rxa5 42. Ke4 f6 43. Nf3 Re5+ 44. Kd4 Re3 0-1

[Event "40th Olympiad Women"]
[Site "Istanbul TUR"]
[Date "2012.08.29"]
[Round "2.31"]
[Board "3"]
[White "Kaya, Emel"]
[Black "Baptista, Ana Filipa"]
[Result "1-0"]
[WhiteTitle "WCM"]
[BlackTitle "WFM"]
[WhiteElo "1974"]
[BlackElo "2152"]
[WhiteTeam "Turkey"]
[BlackTeam "Portugal"]
[WhiteFideId "6306411"]
[BlackFideId "1902970"]
[EventDate "2012.08.28"]

1. e4 c5 2. Nf3 e6 3. c4 Nc6 4. Nc3 Nf6 5. d4 cxd4 6. Nxd4 Bb4 7. Nxc6 bxc6 8.
Bd3 d5 9. e5 Nd7 10. O-O Nxe5 11. cxd5 Nxd3 12. Qxd3 Bd6 13. Qc4 c5 14. Ne4 exd5
15. Qb5+ Ke7 16. Nxc5 Qc7 17. Re1+ Kf6 18. b4 Bxh2+ 19. Kh1 Be5 20. Rb1 Bf5 21.
Nd3 Bxd3 22. Qxd3 Qc3 23. Qa6+ Kf5 24. Bb2 Qc2 1-0

[Event "40th Olympiad Women"]
[Site "Istanbul TUR"]
[Date "2012.08.29"]
[Round "2.31"]
[Board "4"]
[White "Monteiro, Sara Cristina da Silva"]
[Black "Menzi, Nezihe Ezgi"]
[Result "0-1"]
[WhiteTitle "WCM"]
[WhiteElo "1841"]
[BlackElo "1876"]
[WhiteTeam "Portugal"]
[BlackTeam "Turkey"]
[WhiteFideId "1909860"]
[BlackFideId "6310060"]
[EventDate "2012.08.28"]

1. d4 Nf6 2. c4 g6 3. Nc3 Bg7 4. Nf3 O-O 5. e4 d6 6. Be2 e5 7. d5 a5 8. Be3 Ng4
9. Bg5 f6 10. Bd2 Na6 11. Na4 Bd7 12. a3 f5 13. Ng5 Qe8 14. Nc3 h6 15. Nh3 Nc5
16. f3 Nf6 17. Nf2 a4 18. Nd3 Nb3 19. Rb1 Nxd2 20. Qxd2 Qe7 21. O-O f4 22. g4
Nh7 23. Bd1 h5 24. h3 Qh4 25. Qg2 Ng5 26. Kh2 hxg4 27. fxg4 Qg3+ 28. Qxg3 fxg3+
29. Kg2 Rxf1 30. Kxf1 Nxh3 31. Nb5 Ng5 32. Nc3 Kf7 33. Kg2 Rh8 34. Be2 Ke7 35.
Rh1 Rxh1 36. Kxh1 Nh3 37. Kg2 Nf4+ 38. Kxg3 Bh6 39. Kh4 Nxe2 40. Nxe2 Be3 41.
Nb4 Kf6 42. Nd3 b5 43. cxb5 Bxb5 44. Nec1 Bc4 45. Kg3 Kg5 46. Kf3 Bd2 47. b3
axb3 48. Nb2 Bxc1 49. Nxc4 b2 50. Nxb2 Bxb2 0-1

[Event "40th Olympiad Women"]
[Site "Istanbul TUR"]
[Date "2012.08.29"]
[Round "2.32"]
[Board "4"]
[White "Bukhashem, Fayeqa S"]
[Black "Durmaz, Ayca Fatma"]
[Result "1-0"]
[WhiteTitle "WFM"]
[WhiteElo "1762"]
[BlackElo "1801"]
[WhiteTeam "United Arab Emirates"]
[BlackTeam "Turkey 2016"]
[WhiteFideId "9301593"]
[BlackFideId "6317855"]
[EventDate "2012.08.28"]

1. e4 c5 2. Nf3 Nc6 3. d4 cxd4 4. Nxd4 Nf6 5. Nc3 e6 6. a3 Be7 7. Be3 O-O 8. Bd3
d5 9. exd5 Nxd5 10. Nxd5 Qxd5 11. Nxc6 Qxc6 12. O-O Bf6 13. c3 e5 14. Qc2 g6 15.
Be4 Qc7 16. Rae1 Bg7 17. f4 f5 18. Bd5+ Kh8 19. Qb3 e4 20. Bd4 Bd7 21. Bxg7+
Kxg7 22. c4 Rf6 23. Qc3 Rc8 24. g4 fxg4 25. Rxe4 Bf5 26. Re5 Rd8 27. Rfe1 Rd7
28. Re8 Qc5+ 29. Kg2 Rxd5 30. cxd5 Qxc3 31. bxc3 Rf7 32. R8e7 Kf6 33. Rxf7+ Kxf7
34. c4 Bd3 35. c5 Bc4 36. d6 Be6 37. Rb1 Bd5+ 38. Kf2 h5 39. Rd1 1-0

[Event "40th Olympiad Women"]
[Site "Istanbul TUR"]
[Date "2012.08.29"]
[Round "2.33"]
[Board "1"]
[White "Taweesupmun, Chanida"]
[Black "Gjergji, Rozana"]
[Result "0-1"]
[WhiteElo "1834"]
[BlackElo "1924"]
[WhiteTeam "Thailand"]
[BlackTeam "Albania"]
[WhiteFideId "6200117"]
[BlackFideId "4700147"]
[EventDate "2012.08.28"]

1. d4 d5 2. c4 c6 3. e3 Nf6 4. Nc3 e6 5. Bd3 dxc4 6. Bxc4 b5 7. Bd3 a6 8. Nf3
Nbd7 9. Bd2 c5 10. Ne4 Bb7 11. Nxf6+ Nxf6 12. O-O Ne4 13. Qc2 Nxd2 14. Nxd2 cxd4
15. exd4 Qxd4 16. Nb3 Qd5 17. f3 Rc8 18. Qe2 Bd6 19. Rfe1 Qh5 20. h3 O-O 21.
Rac1 Qg5 22. Rxc8 Rxc8 23. Nd2 Qf4 24. Nf1 Rc5 25. Be4 Re5 26. Qd3 Bc5+ 27. Kh1
f5 28. Qd8+ Bf8 29. Qd7 Bxe4 30. fxe4 Rxe4 31. Rxe4 Qxf1+ 32. Kh2 fxe4 33. Qxe6+
Kh8 34. Qxe4 Bd6+ 35. g3 Qf2+ 36. Qg2 Bxg3+ 0-1

[Event "40th Olympiad Women"]
[Site "Istanbul TUR"]
[Date "2012.08.29"]
[Round "2.33"]
[Board "4"]
[White "Driza, Arta"]
[Black "Atthaworadej, Worasuda"]
[Result "1-0"]
[WhiteTitle "WCM"]
[WhiteElo "1943"]
[BlackElo "1638"]
[WhiteTeam "Albania"]
[BlackTeam "Thailand"]
[WhiteFideId "4700694"]
[BlackFideId "6201563"]
[EventDate "2012.08.28"]

1. e4 c5 2. Nf3 g6 3. d4 cxd4 4. Nxd4 Nc6 5. Be2 Bg7 6. Be3 Nf6 7. Nc3 O-O 8.
O-O d6 9. Qd2 Bd7 10. f4 Rc8 11. Bf3 Bg4 12. Nb3 Bxf3 13. Rxf3 Ng4 14. Rb1 Nxe3
15. Rxe3 Na5 16. Ne2 Nc4 17. Qd3 Nxe3 18. Qxe3 Qb6 19. Qxb6 axb6 20. c3 Ra8 21.
a3 Rfd8 22. Rd1 e6 23. Nbd4 e5 24. Nb5 Ra5 25. Rxd6 Rxd6 26. Nxd6 exf4 27. Nxb7
Rb5 28. b4 Kf8 29. Nxf4 Re5 30. Nd6 g5 31. Nd5 Re6 32. Nf5 h6 33. Kf2 Rc6 34.
Nxg7 Kxg7 35. Ke3 f6 36. Kd4 Kf7 37. c4 Ke6 38. g4 Kf7 39. a4 Ke6 40. b5 Rd6 41.
c5 bxc5+ 42. Kxc5 Kd7 43. b6 Rc6+ 44. Kb5 Rc2 45. Nxf6+ Kc8 46. Ka6 Rc6 47. Nd5
Kb8 48. Kb5 Kb7 49. a5 Re6 50. a6+ Kb8 51. Nc3 Ka8 52. Kc5 Kb8 53. Kb5 Ka8 54.
Kc5 Kb8 55. Kb5 Ka8 56. Nd5 Kb8 57. Nb4 Ka8 58. b7+ Kb8 59. Nc6+ 1-0

[Event "40th Olympiad Women"]
[Site "Istanbul TUR"]
[Date "2012.08.29"]
[Round "2.34"]
[Board "1"]
[White "Vazquez Maccarini, Danitza"]
[Black "Dahdal, Lougain"]
[Result "1-0"]
[WhiteTitle "WFM"]
[BlackTitle "WIM"]
[WhiteElo "1916"]
[BlackElo "1923"]
[WhiteTeam "Puerto Rico"]
[BlackTeam "Jordan"]
[WhiteFideId "3101193"]
[BlackFideId "8102880"]
[EventDate "2012.08.28"]

1. e4 c5 2. Nf3 Nc6 3. d4 cxd4 4. Nxd4 e5 5. Nb5 d6 6. N1c3 a6 7. Na3 Be6 8. Nc4
Rb8 9. a4 Nf6 10. Bg5 Nd4 11. Ne3 Be7 12. Bxf6 Bxf6 13. Ncd5 Bg5 14. c3 Nc6 15.
Be2 Bxe3 16. Nxe3 Ne7 17. Bc4 Rc8 18. Bxe6 fxe6 19. Qb3 Qd7 20. Rd1 O-O 21. O-O
Rc6 22. Nc4 Ng6 23. Na5 Rc7 24. Rd2 Qe7 25. Rfd1 Rd8 26. Qb4 Rcd7 27. Nc4 Qg5
28. Ne3 Qe7 29. h3 Nf4 30. Kh2 h5 31. g3 Ng6 32. Nc4 Qf6 33. Qb6 d5 34. exd5
exd5 35. Qxf6 gxf6 36. Nb6 Ne7 37. Nxd7 Rxd7 38. Re2 Kf7 39. f4 e4 40. Rxe4 dxe4
41. Rxd7 Ke6 42. Rxb7 Nd5 43. c4 Ne3 44. Rb6+ Kf5 45. c5 h4 46. gxh4 Nd5 47. Rd6
Nxf4 48. c6 Ng6 49. c7 Ne7 50. Rd7 Nc8 51. Rd8 1-0

[Event "40th Olympiad Women"]
[Site "Istanbul TUR"]
[Date "2012.08.29"]
[Round "2.34"]
[Board "2"]
[White "Fuad Kamel Jamaliah, Natalie"]
[Black "Comas Colon, Rinelly"]
[Result "1-0"]
[WhiteTitle "WIM"]
[BlackTitle "WFM"]
[WhiteElo "1997"]
[BlackElo "1810"]
[WhiteTeam "Jordan"]
[BlackTeam "Puerto Rico"]
[WhiteFideId "724190"]
[BlackFideId "3101576"]
[EventDate "2012.08.28"]

1. e4 d6 2. d4 Nf6 3. Bd3 g6 4. Nf3 Bg7 5. c3 O-O 6. O-O Nbd7 7. h3 c5 8. Nbd2
Qc7 9. Qe2 e6 10. a4 a6 11. Re1 b6 12. Nf1 Bb7 13. Bf4 Nh5 14. Bh2 e5 15. dxe5
Nxe5 16. Nxe5 dxe5 17. Rad1 Nf6 18. f3 Ne8 19. Bc4 Nd6 20. Bd5 c4 21. Ne3 b5 22.
Bxb7 Nxb7 23. axb5 axb5 24. Nd5 Qd6 25. Bg3 Nc5 26. Nb4 Qc7 27. Bf2 Ne6 28. Nd5
Qb7 29. Be3 Kh8 30. Qf2 Ra2 31. Nb4 Raa8 32. Qh4 Qc7 33. Rd5 Qb7 34. Red1 Rac8
35. Bg5 Nxg5 36. Qxg5 h6 37. Qe3 Kh7 38. Rd6 Qe7 39. Qb6 Rb8 40. Qc6 Qg5 41. Qd5
Bf6 42. Nc6 Rb7 43. Nb4 Be7 44. Qxb7 1-0

[Event "40th Olympiad Women"]
[Site "Istanbul TUR"]
[Date "2012.08.29"]
[Round "2.34"]
[Board "3"]
[White "Alvarez Orta, Jo Ann"]
[Black "Boshra, Alshaeby"]
[Result "0-1"]
[WhiteTitle "WFM"]
[BlackTitle "WFM"]
[WhiteElo "1753"]
[BlackElo "1927"]
[WhiteTeam "Puerto Rico"]
[BlackTeam "Jordan"]
[WhiteFideId "3100979"]
[BlackFideId "8102937"]
[EventDate "2012.08.28"]

1. e4 c5 2. Nf3 Nc6 3. d4 cxd4 4. Nxd4 e5 5. Nb5 d6 6. N1c3 a6 7. Na3 Be6 8. Nd5
Nf6 9. Bg5 Bxd5 10. Bxf6 Qa5+ 11. c3 Bxe4 12. Bg5 d5 13. Bd2 Bxa3 14. bxa3 Qxa3
15. Qg4 Bg6 16. Be2 O-O 17. O-O f5 18. Qh4 f4 19. Bg4 Rae8 20. Rfd1 Qd6 21. Qh3
e4 22. Bc1 Ne5 23. Be2 Bf5 24. Qh4 f3 25. Bf1 fxg2 26. Bxg2 Bg4 27. Re1 Nf3+ 28.
Bxf3 Bxf3 29. Qg3 Qc6 30. h4 Re6 31. Kh2 Rg6 0-1

[Event "40th Olympiad Women"]
[Site "Istanbul TUR"]
[Date "2012.08.29"]
[Round "2.34"]
[Board "4"]
[White "Alattar, Ghayda M."]
[Black "Vega Jimenez, Keyshla M"]
[Result "1-0"]
[WhiteTitle "WFM"]
[WhiteElo "1921"]
[BlackElo "1654"]
[WhiteTeam "Jordan"]
[BlackTeam "Puerto Rico"]
[WhiteFideId "8101531"]
[BlackFideId "3101851"]
[EventDate "2012.08.28"]

1. d4 Nf6 2. Nc3 g6 3. e4 d6 4. Bg5 Nbd7 5. Nf3 h6 6. Bh4 Bg7 7. h3 g5 8. Bg3
O-O 9. e5 dxe5 10. dxe5 Nh7 11. Qd2 Nb6 12. Bd3 c5 13. Qe2 Be6 14. Qe4 Re8 15.
Qxh7+ Kf8 16. Bf5 Bxf5 17. Qxf5 e6 18. Qe4 f5 19. exf6 Bxf6 20. Qg6 Nd5 21. Be5 1-0

[Event "40th Olympiad Women"]
[Site "Istanbul TUR"]
[Date "2012.08.29"]
[Round "2.35"]
[Board "2"]
[White "Lopang, Tshepiso"]
[Black "Wafa, Shrook"]
[Result "0-1"]
[WhiteTitle "WFM"]
[BlackTitle "WFM"]
[WhiteElo "1838"]
[BlackElo "1911"]
[WhiteTeam "Botswana"]
[BlackTeam "Egypt"]
[WhiteFideId "11300515"]
[BlackFideId "10609970"]
[EventDate "2012.08.28"]

1. c4 e5 2. Nc3 Nc6 3. g3 f5 4. Bg2 Nf6 5. e3 d5 6. Nge2 Be6 7. O-O dxc4 8.
Bxc6+ bxc6 9. Qa4 Qd7 10. a3 Bd6 11. Na2 f4 12. exf4 exf4 13. Nd4 c5 14. Qxd7+
Bxd7 15. Re1+ Kf7 16. Nf3 Rhe8 17. Nc3 Bc6 18. Ng5+ Kg6 19. Ne6 Kf7 20. Ng5+ Kg8
21. Rf1 h6 22. Nh3 g5 23. f3 fxg3 24. hxg3 Bxg3 25. Kg2 Bd6 26. Kg1 g4 27. fxg4
Nxg4 28. Nf4 Bxf4 29. Rxf4 Re1+ 30. Rf1 Rxf1+ 31. Kxf1 Rf8+ 32. Ke1 h5 33. d3
cxd3 34. Bg5 Rf2 35. b4 c4 36. Ra2 Rf5 37. Bd8 Kf7 38. Bh4 Ne3 39. Bd8 Ng2+ 40.
Kd1 h4 41. Bxc7 h3 42. a4 Rf1+ 43. Kd2 Rf2+ 44. Kc1 Rxa2 45. Nxa2 Bxa4 46. Nc3
Bc6 47. Nd1 Nh4 48. Nf2 Nf3 49. Kb2 h2 50. Kc3 Bd5 51. Bf4 Ke6 52. b5 d2 53. Kc2
Be4+ 54. Kd1 Kd5 55. Ke2 c3 56. Ke3 h1=Q 57. Nxh1 d1=Q 0-1

[Event "40th Olympiad Women"]
[Site "Istanbul TUR"]
[Date "2012.08.29"]
[Round "2.35"]
[Board "3"]
[White "Wafa, Shahenda"]
[Black "Sabure, Ontiretse"]
[Result "1-0"]
[WhiteTitle "WFM"]
[BlackTitle "WCM"]
[WhiteElo "1830"]
[BlackElo "1682"]
[WhiteTeam "Egypt"]
[BlackTeam "Botswana"]
[WhiteFideId "10609962"]
[BlackFideId "11300701"]
[EventDate "2012.08.28"]

1. e4 e5 2. Nf3 Nc6 3. Bb5 a6 4. Ba4 b5 5. Bb3 Be7 6. c3 Nf6 7. d3 d6 8. O-O O-O
9. d4 Bb7 10. Re1 Re8 11. Nbd2 a5 12. d5 Nb8 13. c4 c6 14. cxb5 cxb5 15. a4 b4
16. Nc4 Nfd7 17. Ne3 Na6 18. Nf5 Bf8 19. Bc4 Nc7 20. Be3 Ba6 21. Nd2 Nc5 22. Qg4
Bc8 23. Nh6+ Kh8 24. Nxf7+ Kg8 25. Nxd8 Bxg4 26. Bxc5 dxc5 27. d6+ Ne6 28. Nb7
Kh8 29. d7 Reb8 30. Bxe6 Bxe6 31. d8=Q Rxd8 32. Nxd8 Rxd8 33. Nf3 g6 34. Nxe5
Bg7 35. f4 c4 36. Red1 Rc8 37. Rd6 Bg8 38. Rc1 b3 39. Ra6 Bxe5 40. fxe5 Rd8 41.
e6 Rd4 42. e5 Re4 43. Ra8 Kg7 44. e7 Bf7 45. e8=Q Bxe8 46. Rxe8 c3 47. Rxc3 Rxa4
48. Rxb3 1-0